MARC details
| 000 -CABECERA |
| campo de control de longitud fija |
00813nam a2200193 a 4500 |
| 001 - NÚMERO DE CONTROL |
| campo de control |
000022445 |
| 003 - IDENTIFICADOR DEL NÚMERO DE CONTROL |
| campo de control |
DO-SdBNP |
| 005 - FECHA Y HORA DE LA ÚLTIMA TRANSACCIÓN |
| campo de control |
20260506121419.0 |
| 008 - DATOS DE LONGITUD FIJA--INFORMACIÓN GENERAL |
| campo de control de longitud fija |
101011s1976 dr abc 001 0 spa d |
| 040 ## - FUENTE DE LA CATALOGACIÓN |
| Centro catalogador/agencia de origen |
DO-SdBNP |
| Lengua de catalogación |
spa |
| Centro/agencia transcriptor |
BNPHU |
| 082 ## - NÚMERO DE LA CLASIFICACIÓN DECIMAL DEWEY |
| Número de clasificación |
616.89 |
| Número de documento/Ítem |
C749p |
| Número de edición |
22 |
| 111 2# - ENTRADA PRINCIPAL--NOMBRE DE CONGRESO/REUNIÓN |
| Nombre de congreso/reunión o jurisdicción como elemento de entrada |
Congreso Dominicano de Psiquiatría |
| Número del congreso/reunión o número de parte o sección |
(1o. : |
| Fecha del congreso/reunión |
1976 : |
| Sede del congreso/Lugar de la reunión |
República Dominicana) |
| 9 (RLIN) |
46267 |
| 245 10 - MENCIÓN DE TÍTULO |
| Título |
Primer Congreso Dominicano de Psiquiatría / |
| Mención de responsabilidad, etc. |
editado por Emilio Guillén Matarranz. |
| 260 ## - PUBLICACIÓN, DISTRIBUCIÓN, ETC. |
| Lugar de publicación, distribución, etc. |
Santo Domingo : |
| Nombre del editor, distribuidor, etc. |
Sociedad Dominicana de Psiquiatría, Neurología y Neurocirugía, |
| Fecha de publicación, distribución, etc. |
1976. |
| Fabricante |
Editora Taller |
| 300 ## - DESCRIPCIÓN FÍSICA |
| Extensión |
626, lxviii páginas : |
| Otras características físicas |
ilustraciones, mapas, retratos : |
| Dimensiones |
21 cm. |
| 650 #7 - PUNTO DE ACCESO ADICIONAL DE MATERIA--TÉRMINO DE MATERIA |
| Término de materia o nombre geográfico como elemento de entrada |
Psiquiatría |
| Subdivisión geográfica |
República Dominicana |
| 9 (RLIN) |
18234 |
| Subdivisión de forma |
Congresos |
| 700 1# - PUNTO DE ACCESO ADICIONAL--NOMBRE DE PERSONA |
| Nombre de persona |
Guillén Matarranz, Emilio |
| Término indicativo de función/relación |
editor |
| 9 (RLIN) |
46271 |
| Código de función/relación |
ed. |
| 942 ## - ELEMENTOS DE PUNTO DE ACCESO ADICIONAL (KOHA) |
| Fuente del sistema de clasificación o colocación |
Dewey Decimal Classification |
| Tipo de ítem Koha |
Libro |